01319cam a22003015a 45000010009000000050017000090080041000260100017000670200018000840350023001020400033001250820019001581000029001772450062002062600058002683000035003264900035003615000024003965040031004205200253004516500027007046500036007316510010007676530029007779420008008069990017008149520186008311339253620201128023713.0031103s2003 enka frb 001 0 eng d a 2003279682 a9780192802811 a(OCoLC)ocm51872332 aUKMbengcUKMdDLCdEG-ScBUE04a320.5bFRE2221 aFreeden, Michael.93975410aIdeology :ba very short introduction /cMichael Freeden. aOxford ;aNew York :bOxford University Press,c2003. a[ix], 142 p. :bill. ;c18 cm.0 aVery short introductions ;v95 aIndex : p. 135-142. aBibliography : p. 129-133. aIdeology is one of the most controversial terms in the political vocabulary, exciting both revulsion and inspiration. This book examines the reasons for those views, and explains why ideologies deserve respect as a major form of political thinking. 7aIdeology.2BUEsh91315 7aPolitical science.2BUEsh91313 2BUEsh bEEENGbBUSBOLcApril2016 2ddc c21567d21539 00102ddc3Lost_In_Inventory_11-6-202440708Modern A. aMAINbMAINc1STd2016-04-03ePurchaseg84.00h229l8m14o320.5 FREp000032249r2025-07-15 00:00:00s2023-03-20v105.00yBB